000 00622nam a22002177a 4500
999 _c6371
_d6371
003 OSt
005 20191108102854.0
008 191108b ||||| |||| 00| 0 eng d
020 _a9781466555129
040 _cDNLM
082 _aQY50 H19j 2014
100 _aEdited by Jann, Hau; Steven J. Schapiro
_913032
245 _aHandbook of Laboratory Animal Science
250 _a3rd ed. Vol.111.
260 _aBoca Raton;
_bCRC Press,
_c2014
300 _axi,321p;
_bCol.Ill:
_c26cm
504 _aReferences, & index included
650 _aLaboratory animals
_913033
650 _aAnimal science
_913034
942 _2z
_cO_SHELF